KATSEYE Members - Statistics

General Stats
  • This quiz has been taken 926 times
  • The average score is 6 of 6
Answer Stats
Member % Correct
Manon
98%
Lara
97%
Sophia
97%
Megan
96%
Daniela
95%
Yoonchae
93%
No matching quizzes found
Score Distribution
Percent of People with Each Score
Percentile by Number Answered
Your Score History
You have not taken this quiz